Nonsmooth optimization methods and applications : (Record no. 543934)

000 -LEADER
fixed length control field 00838cam a2200181 a 4500
020 ## - INTERNATIONAL STANDARD BOOK NUMBER
International Standard Book Number 2881248780
082 00 - DEWEY DECIMAL CLASSIFICATION NUMBER
Classification number 519.3
Author Mark NON
-- L-3, P-23
100 ## - MAIN ENTRY--PERSONAL NAME
Personal name F. Giannessi
9 (RLIN) 39440
245 10 - TITLE STATEMENT
Title Nonsmooth optimization methods and applications :
Remainder of title proceedings of a meeting held in Erice, Sicily, at "E. Majorana" Centre for Scientific Culture, "G. Stampacchia International School of Mathematics," June 19 - 30, 1991 /
Statement of responsibility, etc. edited by F. Giannessi.
260 ## - PUBLICATION, DISTRIBUTION, ETC.
Place of publication, distribution, etc. Switzerland ;
-- Philadelphia, Pa. :
Name of publisher, distributor, etc. Gordon and Breach Science Publishers,
Date of publication, distribution, etc. c1992.
300 ## - PHYSICAL DESCRIPTION
Extent xiii, 445 p. :
Other physical details ill. ;
Dimensions 26 cm.
526 ## - STUDY PROGRAM INFORMATION NOTE
Program name 0
Interest level 0
Reading level 0
Title point value 519_300000000000000_NON
650 #0 - SUBJECT ADDED ENTRY--TOPICAL TERM
Topical term or geographic name entry element MCE
9 (RLIN) 379
650 #0 - SUBJECT ADDED ENTRY--TOPICAL TERM
Topical term or geographic name entry element Nonsmooth optimization
General subdivision Congresses.
9 (RLIN) 39441
700 1# - ADDED ENTRY--PERSONAL NAME
Personal name Giannessi, F.
9 (RLIN) 39442
856 42 - ELECTRONIC LOCATION AND ACCESS
Uniform Resource Identifier <a href="http://www.loc.gov/catdir/enhancements/fy0653/92019711-d.html">http://www.loc.gov/catdir/enhancements/fy0653/92019711-d.html</a>
942 ## - ADDED ENTRY ELEMENTS (KOHA)
Source of classification or shelving scheme
Koha item type Book
Holdings
Withdrawn status Lost status Source of classification or shelving scheme Damaged status Not for loan Permanent Location Current Location Date acquired Total Checkouts Full call number Barcode Date last seen Price effective from Koha item type
          Military College of Engineering (MCE) Military College of Engineering (MCE) 04/07/2014   519.3 NON MCE-28448 04/07/2014 04/07/2014 Book
© 2023 Central Library, National University of Sciences and Technology. All Rights Reserved.